| 000 | 00900nam a2200241 a 4500 | ||
|---|---|---|---|
| 008 | |||
| 020 | _a9282781259 (pbk.) | ||
| 049 | _aMAIN | ||
| 090 | _aHF3500.5.Z7 HOW | ||
| 245 | 0 | 0 |
_aHow is the European Union running the single market?: _bwhat are my rights as a consumer?/ _cEuropean Commission. |
| 260 |
_aLuxembourg : _bOffice for Official Publications of the European Communities, _c1996. |
||
| 300 |
_a23 p. : _bill. ; _c23 cm. |
||
| 440 | 0 | _aEurope on the move. | |
| 440 | 0 | _aEurope ... questions and answers. | |
| 650 | 0 | _aEuropean Union. | |
| 651 | 0 |
_aEuropean Union countries _xCommerce. |
|
| 710 | 2 |
_aEuropean Commission. _bDirectorate General X for Information, Communication, Culture, Audiovisual. |
|
| 907 |
_a.b10157189 _b02-02-07 _c04-03-05 |
||
| 003 | |||
| 005 | 20230123133957.0 | ||
| 040 | _cNUST | ||
| 942 |
_cBOOKS _kHF3500.5.Z7 HOW |
||
| 999 |
_c157899 _d157899 |
||